000 00427nam a2200169 a 4500
001 0000-8956
003 ELIB.Books
008 110520 2005
035 _a(ELIB.Books)0000-9105
082 _aB.Th
_bEst
100 _aEsther, Naw
245 _aTowards a Happy Family
260 _bInsein: Karen Baptist Theolgical Seminary
_c2005
650 _aThesis
942 _2ddc
_cBK
998 _cbat
_e2011-05-20
999 _c8956
_d8956